<?xml version="1.0" encoding="UTF-8"?>
<collection xmlns="http://www.loc.gov/MARC21/slim">
 <record>
  <leader>00846nam a2200337   4500</leader>
  <controlfield tag="001">DLU060055048</controlfield>
  <controlfield tag="005">##20110922</controlfield>
  <datafield tag="040" ind1="#" ind2="#">
   <subfield code="a">DLU</subfield>
   <subfield code="b">vie</subfield>
  </datafield>
  <datafield tag="041" ind1="#" ind2="#">
   <subfield code="a">vie</subfield>
  </datafield>
  <datafield tag="044" ind1="#" ind2="#">
   <subfield code="a">vn</subfield>
  </datafield>
  <datafield tag="082" ind1="#" ind2="#">
   <subfield code="a">628</subfield>
   <subfield code="b">HO-H</subfield>
  </datafield>
  <datafield tag="100" ind1="#" ind2="#">
   <subfield code="a">Hoàng Văn Huệ,</subfield>
   <subfield code="c">PGS.TS.</subfield>
  </datafield>
  <datafield tag="245" ind1="#" ind2="#">
   <subfield code="a">Công nghệ môi trường.</subfield>
   <subfield code="n">t.I,</subfield>
   <subfield code="p">xử lý nước /</subfield>
   <subfield code="c">Hoàng Văn Huệ.</subfield>
  </datafield>
  <datafield tag="260" ind1="#" ind2="#">
   <subfield code="a">H. :</subfield>
   <subfield code="b">Xây dựng,</subfield>
   <subfield code="c">2004.</subfield>
  </datafield>
  <datafield tag="300" ind1="#" ind2="#">
   <subfield code="a">319 tr. ;</subfield>
   <subfield code="c">27 cm.</subfield>
  </datafield>
  <datafield tag="504" ind1="#" ind2="#">
   <subfield code="a">Tài liệu tham khảo :tr.315.</subfield>
  </datafield>
  <datafield tag="650" ind1="#" ind2="#">
   <subfield code="a">Kỹ thuật môi trường.</subfield>
  </datafield>
  <datafield tag="650" ind1="#" ind2="#">
   <subfield code="a">Nước</subfield>
   <subfield code="x">Làm sạch.</subfield>
  </datafield>
  <datafield tag="650" ind1="#" ind2="#">
   <subfield code="a">Xử lý nước thải.</subfield>
  </datafield>
  <datafield tag="923" ind1="#" ind2="#">
   <subfield code="a">21/2006</subfield>
  </datafield>
  <datafield tag="990" ind1="#" ind2="#">
   <subfield code="a">t.I</subfield>
  </datafield>
  <datafield tag="991" ind1="#" ind2="#">
   <subfield code="a">GT</subfield>
  </datafield>
  <datafield tag="992" ind1="#" ind2="#">
   <subfield code="a">52000</subfield>
  </datafield>
  <datafield tag="994" ind1="#" ind2="#">
   <subfield code="a">DLU</subfield>
  </datafield>
  <datafield tag="900" ind1="#" ind2="#">
   <subfield code="a">True</subfield>
  </datafield>
  <datafield tag="911" ind1="#" ind2="#">
   <subfield code="a">Đào Thị Thu Huyền</subfield>
  </datafield>
  <datafield tag="925" ind1="#" ind2="#">
   <subfield code="a">G</subfield>
  </datafield>
  <datafield tag="926" ind1="#" ind2="#">
   <subfield code="a">A</subfield>
  </datafield>
  <datafield tag="927" ind1="#" ind2="#">
   <subfield code="a">SH</subfield>
  </datafield>
  <datafield tag="980" ind1="#" ind2="#">
   <subfield code="a">Thư viện Trường Đại học Đà Lạt</subfield>
  </datafield>
 </record>
</collection>
